|
|
|
|
| LEADER |
00000naa0a2200000 4500 |
| 001 |
601512 |
| 005 |
20250829131417.0 |
| 035 |
|
|
|a (RuTPU)RU\TPU\tpu\26414
|
| 035 |
|
|
|a RU\TPU\tpu\26413
|
| 090 |
|
|
|a 601512
|
| 100 |
|
|
|a 20141220d2005 k||y0rusy50 ba
|
| 101 |
0 |
|
|a eng
|
| 102 |
|
|
|a ES
|
| 200 |
1 |
|
|a High-resolution infrared study of the ν1 and ν3 bands, and the equilibrium structure of AsD3
|f O. N. Ulenikov [et al.]
|
| 333 |
|
|
|a В фонде НТБ ТПУ отсутствует
|
| 463 |
|
1 |
|t Nineteenth Colloquium on High Resolution Molecular Spectroscopy, Salamanca, 11-16 September 2005 : abstracts
|v Paper D7
|d 2005
|
| 610 |
1 |
|
|a труды учёных ТПУ
|
| 701 |
|
1 |
|a Ulenekov (Ulenikov)
|b O. N.
|c physicist
|c Professor of Tomsk Polytechnic University, Doctor of physical and mathematical sciences
|f 1949-
|g Oleg Nikolaevich
|3 (RuTPU)RU\TPU\pers\34331
|9 17837
|
| 701 |
|
1 |
|a Yukhnik (Yuhnik)
|b Yu. B.
|c physicist
|c Associate Professor of Tomsk Polytechnic University, Candidate of physical and mathematical sciences
|c married name Morzhikova
|f 1979-
|g Yuliya Borisovna
|3 (RuTPU)RU\TPU\pers\32761
|9 16638
|
| 701 |
|
1 |
|a Bekhtereva
|b E. S.
|
| 701 |
|
1 |
|a Bürger
|b H.
|
| 801 |
|
1 |
|a RU
|b 63413507
|c 20141219
|
| 801 |
|
2 |
|a RU
|b 63413507
|c 20171003
|g RCR
|
| 942 |
|
|
|c BK
|